000 00342nam a22001337a 4500
008 230626b xxu||||| |||| 00| 0 eng d
082 _a332.9
_bJDS
100 _cChristioan Lund
245 _aThe Journal of Development Studies
260 _aEngland
_bFrank CASS & Co.
_c2001
300 _a206p
440 _n2
_v38
_x00220388
942 _2ddc
_cBK
999 _c2624
_d2624